000 00652nam a2200277Ia 4500
005 20260324133854.0
008 008 260324s9999 xx 000 0 eng d
020 _a9780203402900
037 _aEBOOK
040 _aCRL
040 _beng
040 _cCRL
041 _2eng
041 _aeng
084 _qCRL
100 _aTara Boland-Crewe; David Lea
_91194712
245 4 _aThe Territories and States of India
260 _bTaylor and Francis
260 _c2002
365 _a
365 _b280
856 _uhttp://www.taylorfrancis.com/books/9780203402900
942 _cEBOOK
999 _c1794204
_d1794204